Statistiques concernant Mots en X par définition

Cliquez ici pour prendre le quiz!

Statistiques générales

  • Ce quiz a été pris 152 fois
    (67 depuis la dernière actualisation)
  • Le résultat moyen est 5 sur 12

Statistiques - réponses

Genre Définition Mot % Correct
Nom FémininHostilité systématique manifestée à l'égard des étrangers (→ racisme.)Xénophobie
100%
Nom MasculinInstrument de musique constitué d'un jeu de lames en bois, accordées, disposées en clavier au-dessus d'une cavité ou tenues par un cadre et frappées avec des baguettes ou des mailloches.Xylophone
95%
Nom MasculinGaz rare de l'atmosphère, découvert en 1898 par Ramsay et Travers. (Élément chimique de symbole Xe.)Xénon
82%
Nom MasculinVin blanc alcoolisé, sec ou liquoreux, vieilli dans des tonneaux en présence de levures, produit en Espagne aux environs de Jerez de la Frontera (province de Cadix).Xérès
67%
Nom & AdjectifLittéraire. Qui manifeste de la sympathie pour les étrangers.Xénophile
58%
Nom FémininSe dit des insectes qui se nourrissent de bois.Xylophage
53%
Nom FémininImpression à l'aide de planches en bois portant des textes et/ou des images gravés. Estampe ainsi obtenue. (Le mot s'emploie surtout pour la production de la fin du Moyen Âge.)Xylographie
17%
Nom MasculinPiste d'entraînement droite et aplanie dans le gymnase grec. / Chez les Romains, galerie couverte dans un jardin.Xyste
7%
Nom FémininPapillon de nuit jaune tacheté de roux au corps épais, et dont la chenille vit sur le saule. (Famille des noctuidés.)Xanthie
5%
Nom MasculinTumeur bénigne, cutanée ou sous-cutanée, de couleur jaune, et contenant essentiellement du cholestérol.Xanthome
3%
Nom FémininSécheresse excessive de la bouche.Xérostomie
2%
Nom MasculinPetit poisson (poeciliidé) des eaux douces d'Amérique centrale, souvent élevé en aquarium. (La caudale du mâle porte un prolongement en forme d'épée.)Xipho / Xiphophore
2%

Distribution des résultats

Percentile par nombre de réponses

% des personnes avec chaque résultat

Votre développement - résultats

Vous n’avez pas pris ce quiz depuis la dernière actualisation